Market microstructure models and the Markov property

Salvato in:
Dettagli Bibliografici
Autore principale: Amaro de Matos, Joao
Altri autori: Fernandes, Marcelo
Natura: Libro
Lingua:inglese
Pubblicazione: San Domenico (FI) European University Institute 2000
Serie:EUI Working paper ECO No. 2000/19
Soggetti:
Tags: Aggiungi Tag
Nessun Tag, puoi essere il primo ad aggiungerne!!

MARC

LEADER 00000nam a2200000 4500
001 c133043
005 20221123133054.1
041 0 |a eng 
044 |a IT 
245 1 0 |a Market microstructure models and the Markov property  |c Joao Amaro de Matos and Marcelo Fernandes 
264 1 |a San Domenico (FI)  |b European University Institute  |c 2000 
300 |a 25 s. 
490 1 |a EUI Working paper ECO  |v No. 2000/19 
830 0 |a EUI Working paper ECO  |v No. 2000/19 
610 2 0 |a trh 
610 2 0 |a mikroštruktúra 
610 2 0 |a modely 
610 2 0 |a modely rovnováhy 
610 2 0 |a modelovanie ekonometrické 
100 1 |a Amaro de Matos, Joao 
700 1 |a Fernandes, Marcelo